|
|
|
|
| LEADER |
00000nab a2200000 a 4500 |
| 001 |
vtls000699968 |
| 003 |
SK-MaSNL |
| 005 |
20260305032449.0 |
| 008 |
140302c1999 xo 0 slo |
| 015 |
|
|
|a SNBRB1999/09-21007
|
| 035 |
|
|
|a CLN000052135
|
| 040 |
|
|
|a SNKBUCL
|b slo
|c SNKBUCL
|e AACR2
|
| 041 |
0 |
|
|a slo
|
| 044 |
|
|
|a xo
|c SK
|
| 080 |
|
|
|a 793.31.091.4
|2 1997
|
| 080 |
|
|
|a 784.4
|2 1997
|
| 100 |
1 |
|
|a Klein Jakubcová, Danica,
|d 1947-
|4 aut
|9 222295
|
| 245 |
1 |
0 |
|a Folklórne slávnosti pod Chočom
|c Danica Jakubcová
|
| 300 |
|
|
|b Fotogr.
|
| 611 |
1 |
7 |
|a Dolnoliptovské folklórne slávnosti
|n 5.
|d 1999
|c Lúčky, Slovensko
|2 snkbucl
|9 1611804
|
| 651 |
|
7 |
|a Ružomberok (Slovensko : okres)
|2 snkbucl
|9 51838
|
| 655 |
|
7 |
|a články z novín a časopisov
|2 snkbucl
|9 267496
|
| 773 |
0 |
|
|t Učiteľské noviny
|g Roč. 49, č. 31 (1999), s. 12
|
| 850 |
|
|
|a Slovenská národná knižnica v Martine
|
| 852 |
|
|
|a SNK
|b KIS3GCP
|
| 958 |
|
|
|a SK
|
| 992 |
|
|
|a RBX
|
| 999 |
|
|
|c 3320213
|d 3322143
|